Consumer reaction on SMR (Record no. 43411)

MARC details
000 -LEADER
fixed length control field 00342nam a2200133Ia 4500
082 ## - DEWEY DECIMAL CLASSIFICATION NUMBER
Classification number NR:62TSR
Item number RRM.14
100 ## - MAIN ENTRY--AUTHOR NAME
Personal name Ng Yu Tong
245 #0 - TITLE STATEMENT
Title Consumer reaction on SMR
260 ## - PUBLICATION, DISTRIBUTION, ETC. (IMPRINT)
Place of publication Kuala Lumpur
Name of publisher RRIM
Year of publication 1985
490 ## - SERIES STATEMENT
Series statement RRIM Technology series report No. 14
650 ## - SUBJECT ADDED ENTRY--TOPICAL TERM
Topical Term SMR
942 ## - ADDED ENTRY ELEMENTS (KOHA)
Koha item type Books
Holdings
Withdrawn status Lost status Damaged status Not for loan Home library Current library Date acquired Source of acquisition Full call number Accession Number Koha item type
        RRII Library RRII Library 16/12/2021 Gift NR:62TSR RRM.14 G00133 Books